000
00470nam a2200169Ia 4500
008
090124s9999 xx 000 0 und d
082
_b
28310
_a
7103
100
_a
खरे नंदा
245
_a
अंताजीची बखर
250
_a
0
300
_a
187
600
_a
खरे नंदा
630
_a
अंताजीची बखर
700
_a
खरे नंदा
730
_a
अंताजीची बखर
942
_c
BOOK
999
_c
141767
_d
141767